01286nam a2200265 a 450000100100000000500170001000800410002704000250006808200170009310000470011024501130015726000420027030000210031250000620033350400740039550400400046965000550050965000430056465000360060704900090064395201150065295201200076795201160088799900170100300001370220200929163321.0091127s1983 dr 000 0 spa d aDO-SdBNPbspacBNPHU a370.9bS237p1 aSantos Hernández, Roberto,d1948-93113910aPasado, presente y perspectivas de la educación nacional institucionalizada /cRoberto Santos Hernández. aSanto Domingo :bAlfa y Omega,c1983. a232 p. ;c22 cm. aIncluye datos biográficos del autor en la contraportada aIncluye referencias bibliográficas y notas al pie de las páginas. aIncluye bibliografía (p. 231-232) 4aEducaciónxHistoriazRepública Dominicana9628 4aEducaciónxAspectos soaciales931140 4aEducación y desarrollo931141 aBNPD 0010718PDaPDbPDcCTd2009-11-27iLF1l0o370.9 S237pp13702-10r2020-06-25w2020-06-25yLFPDZNo se presta 0010718PDaPDbPDcCTd2009-11-27iLF1l0o370.9 S237pp13702-20r2020-06-25te.2w2020-06-25yLFPDZNo se presta 00107-18PDaPDbPDcOId2009-11-27iLF1l0o370.9 S237pp13703-10r2020-06-25w2020-06-25yLFPDZNo se presta c13315d13315